000 00754nam a2200217Ii 4500
003 JO-AjNU
008 230606s9999||||xx |||||||||||||| ||und||
017 _a2008/5/1536
040 _aJO-AjNU
_beng
_erda
_cJO-AjNU
041 _aeng
050 1 4 _aU25 2009
100 3 _aEtaywe, Awni S؛ Revised Khalid Alodaili, Adnann Etaiwi,
_eauthor
_93691
245 0 4 _aThe Binos: English - Arabic dictionary of the key and common miliary terms, expreeions and bbreviations, Plus Useful Supplement
250 _a2 ed
264 3 1 _aJordan: Mu’tah university , 2009
300 _a162p
336 _atext
_btxt
_2rdacontent
337 _aunmediated
_bn
_2rdamedia
338 _avolume
_bnc
_2rdacarrier
650 4 _aThe Binos - English - Arabic dictionary
_93692
999 _aE1925
_c1925
_d1925